| 000 | 01714nam0a2200373 4500 | ||
|---|---|---|---|
| 001 | RU\NLR\bibl\1398211 | ||
| 005 | 20260405183229.0 | ||
| 010 |
_a978-5-98607-046-9 _97000 |
||
| 021 |
_aRU _b2009-43395 _92637 |
||
| 035 | _a(nilc)RSL-KNO-004336721 | ||
| 035 | _a(NLR Aleph) 001390227 | ||
| 090 |
_a1157394 _c1157394 |
||
| 100 | _a20090529d2009 |||y0rusy50 ca | ||
| 101 | 1 |
_arus _ceng |
|
| 102 | _aRU | ||
| 105 | _aa ||||||||| | ||
| 200 | 1 |
_aBratz _iКолдовская сила _e[для детей среднего и старшего школьного возраста _fпер. с англ. Натальи Нестеровой] |
|
| 210 |
_aМосква _cБУКИ _d2009 _eТверь _gТверской полиграфкомбинат детской литературы |
||
| 215 |
_a123, [2] с. _cил. _d19 |
||
| 225 | 1 | _aПотрясные истории | |
| 300 | _aНазв. на яз. оригинала: Bratz. Pixie power. Totally awesome tales | ||
| 300 | _aНа обороте тит. л. в макете загл.: Братц. Колдовская сила. Потрясные истории | ||
| 454 | 0 |
_12001#$aBratz. Pixie power. Totally awesome tales _tBratz. Pixie power. Totally awesome tales |
|
| 517 | 0 | _aБратц. Колдовская сила. Потрясные истории | |
| 610 | 2 | _aДетская литература | |
| 686 |
_aШ9(2)72(7США) _2rubbk |
||
| 702 | 1 |
_4730 _8rus _7ca _aНестерова _bН. _cлингвист _gНаталия _3RU\NLR\AUTH\7779874 _962802 |
|
| 801 | 0 |
_aRU _bРГБ _c20090529 _grcr |
|
| 801 | 1 |
_aRU _bРГБ _c20090529 |
|
| 801 | 2 |
_aRU _bNLR _c20090805 _grcr |
|
| 942 | _cBOOK | ||
| 980 | _aNB | ||